000 00729nam a2200253 a 4500
005 20180803164826.0
008 140221b1995 ||||| |||| 00| 0 eng d
041 _aeng
090 _aLB
_b00626
110 _bShaman pharmaceuticals
_98555
245 _aUse natural resources in pharmacy
260 _aS. l.
_bS n.
_c1995?
300 _a70 p.
650 _aEtnomedicina
_98556
650 _aConocimiento tradicional
_98557
650 _aEtnobiología
_98558
650 _aMedicina tradicional
_98559
650 _aDesarrollo rural
_98560
650 _aBiodiversidad
_992204
650 _aConservación de biodiversidad
_9345
650 _aComunidades indígenas
_98562
650 _aBiotecnología
_98563
942 _cImpreso
_2z
999 _c642
_d642